| 000 | 00543nam a2200193 i 4500 | ||
|---|---|---|---|
| 001 | 16670 | ||
| 003 | ES-MaACL | ||
| 005 | 20230906151354.0 | ||
| 007 | t| | ||
| 008 | 001023s2000 sp ||||1| spa d | ||
| 020 | _a84-8374-201-2 | ||
| 080 | _a821.134.2-14"19" | ||
| 100 | 1 |
_aCollado, Pedro. _939658 |
|
| 245 | 1 | 0 |
_aVersos de ayer... y de siempre / _cPedro Collado. |
| 250 | _a1ª ed. | ||
| 260 |
_aMadrid : _bHuerga & Fierro, _c2000. |
||
| 300 |
_a89 p. ; _c22 cm. |
||
| 852 |
_aES-MaACL _jL-23667 _bR.128892 _q. - Ded. autógr. del autor |
||
| 999 |
_c16670 _d16670 |
||